书目信息 |
| 题名: |
体育舞蹈
|
|
| 作者: | 胡玉华 , 皮建英 , 凌月红 主编 | |
| 分册: | ||
| 出版信息: | 长沙 湖南大学出版社 2008.10 |
|
| 页数: | 160页 | |
| 开本: | 23cm | |
| 丛书名: | 普通高校体育选项课系列教材 | |
| 单 册: | ||
| 中图分类: | J732.8 | |
| 科图分类: | ||
| 主题词: | 交际舞--jiao ji wu--高等学校--教材 | |
| 电子资源: | ||
| ISBN: | 978-7-81113-361-5 | |
| 000 | 01105nam 2200301 450 | |
| 001 | 012009673986 | |
| 005 | 20091128092213.12 | |
| 010 | @a978-7-81113-361-5@dCNY20.00 | |
| 100 | @a20091128d2008 em y0chiy0120 ea | |
| 101 | 0 | @achi |
| 102 | @aCN@b430000 | |
| 105 | @aak a 000yy | |
| 106 | @ar | |
| 200 | 1 | @a体育舞蹈@Ati yu wu dao@f胡玉华 ... [等] 主编@Fhu yu hua...[deng]zhu bian |
| 210 | @a长沙@c湖南大学出版社@d2008.10 | |
| 215 | @a160页@c图@d23cm | |
| 225 | 2 | @a普通高校体育选项课系列教材@Apu tong gao xiao ti yu xuan xiang ke xi lie jiao cai |
| 304 | @a题名页题 : 胡玉华, 皮建英, 凌月红, 周赤辉主编 | |
| 320 | @a有书目 (第160页) | |
| 330 | @a本书共分8章,介绍了体育舞蹈的基本知识及舞种,阐述了体育舞蹈两大舞系即拉丁舞、摩登舞10个舞种的基本技术和基本技法及训练方法。 | |
| 410 | 0 | @12001 @a普通高校体育选项课系列教材 |
| 606 | 0 | @a交际舞@Ajiao ji wu@x高等学校@j教材 |
| 690 | @aJ732.8@v4 | |
| 701 | 0 | @a胡玉华@Ahu yu hua@4主编 |
| 701 | 0 | @a皮建英@Api jian ying@4主编 |
| 701 | 0 | @a凌月红@Aling yue hong@4主编 |
| 801 | 0 | @aCN@bRULIN@c20091128 |
| 905 | @b766186-88@dJ732.8@eH522@f3 | |
| 体育舞蹈/胡玉华 ... [等] 主编.-长沙:湖南大学出版社,2008.10 |
| 160页:图;23cm.-(普通高校体育选项课系列教材) |
| ISBN 978-7-81113-361-5:CNY20.00 |
| 本书共分8章,介绍了体育舞蹈的基本知识及舞种,阐述了体育舞蹈两大舞系即拉丁舞、摩登舞10个舞种的基本技术和基本技法及训练方法。 |
| ● |
| 相关链接 |
|
|
|
正题名:体育舞蹈
索取号:J732.8/H522
 
预约/预借
| 序号 | 登录号 | 条形码 | 馆藏地/架位号 | 状态 | 备注 |
| 1 | 766186 | 207661868 | 社科库309/309社科库 95排2列1层/ [索取号:J732.8/H522] | 在馆 | |
| 2 | 766187 | 207661877 | 社科库309/309社科库 95排2列1层/ [索取号:J732.8/H522] | 在馆 | |
| 3 | 766188 | 207661886 | 社科库309/309社科库 95排2列1层/ [索取号:J732.8/H522] | 在馆 |